000 00401nam a2200121Ia 4500
008 171212s9999 xx 000 0 und d
100 _aGlynn, Ruairi;Sheil, Bob
245 _cGlynn, Ruairi;Sheil, Bob
_aFabricate 2011
_bMaking Digital Architecture
260 _bUCL Press
_c2017
440 _aFabricate
650 _aArchitecture & Architectural History
856 _uhttp://jstor.org/stable/j.ctt1tp3c6d
999 _c352866
_d352866